<?xml version="1.0" encoding="UTF-8"?><?xml-stylesheet type="text/xsl" href="static/style.xsl"?><OAI-PMH xmlns="http://www.openarchives.org/OAI/2.0/" xmlns:xsi="http://www.w3.org/2001/XMLSchema-instance" xsi:schemaLocation="http://www.openarchives.org/OAI/2.0/ http://www.openarchives.org/OAI/2.0/OAI-PMH.xsd"><responseDate>2026-04-27T19:54:40Z</responseDate><request verb="GetRecord" identifier="oai:uvadoc.uva.es:10324/43901" metadataPrefix="marc">https://uvadoc.uva.es/oai/request</request><GetRecord><record><header><identifier>oai:uvadoc.uva.es:10324/43901</identifier><datestamp>2025-03-26T19:45:08Z</datestamp><setSpec>com_10324_6426</setSpec><setSpec>com_10324_5186</setSpec><setSpec>com_10324_29291</setSpec><setSpec>col_10324_43876</setSpec></header><metadata><record xmlns="http://www.loc.gov/MARC21/slim" xmlns:doc="http://www.lyncode.com/xoai" xmlns:xsi="http://www.w3.org/2001/XMLSchema-instance" xmlns:dcterms="http://purl.org/dc/terms/" xsi:schemaLocation="http://www.loc.gov/MARC21/slim http://www.loc.gov/standards/marcxml/schema/MARC21slim.xsd">
<leader>00925njm 22002777a 4500</leader>
<datafield tag="042" ind1=" " ind2=" ">
<subfield code="a">dc</subfield>
</datafield>
<datafield tag="720" ind1=" " ind2=" ">
<subfield code="a">Cleopazzo, Nicola</subfield>
<subfield code="e">author</subfield>
</datafield>
<datafield tag="260" ind1=" " ind2=" ">
<subfield code="c">2019</subfield>
</datafield>
<datafield tag="520" ind1=" " ind2=" ">
<subfield code="a">Nel contributo viene pubblicata una lunga e inedita lettera, rintracciata nell’Archivio di Stato di Napoli, che nel marzo 1600 don Pedro de Tapia y Ribera spediva a Napoli al pittore fiammingo Hector Crucer di Anversa. Nella lettera erano fornite al pittore precise indicazioni iconografiche e tecniche per l’esecuzione di tre tele di soggetto francescano. L’ipotesi avanzata nello scritto è che il trittico fosse destinato alla chiesa del convento dei francescani scalzi di Loja (Granada), fondato da don Pedro de Tapia e da sua moglie, doña Clara del Rosal Alarcón, nativa della città andalusa. Del complesso francescano, soppresso nel 1835 e abbattuto nel 1951, sopravvivono solo le statue oranti dei due fondatori, che in origine, come in questa sede viene supposto, da due nicchie del presbiterio della chiesa guardavano il trittico del Crucer. Le statue, oggi custodite nel Museo de la Alcazaba di Loja, sono qui ricondotte all’ambito della scultura marmorea genovese del primo Seicento dominata dalla bottega di Taddeo Carlone.</subfield>
</datafield>
<datafield tag="024" ind2=" " ind1="8">
<subfield code="a">BSAA arte; Núm. 85 (2019) pags. 87-111</subfield>
</datafield>
<datafield tag="024" ind2=" " ind1="8">
<subfield code="a">2530-6359</subfield>
</datafield>
<datafield tag="024" ind2=" " ind1="8">
<subfield code="a">1888-9751</subfield>
</datafield>
<datafield tag="024" ind2=" " ind1="8">
<subfield code="a">http://uvadoc.uva.es/handle/10324/43901</subfield>
</datafield>
<datafield tag="024" ind2=" " ind1="8">
<subfield code="a">10.24197/bsaaa.85.2019.87-111</subfield>
</datafield>
<datafield tag="024" ind2=" " ind1="8">
<subfield code="a">87</subfield>
</datafield>
<datafield tag="024" ind2=" " ind1="8">
<subfield code="a">85</subfield>
</datafield>
<datafield tag="024" ind2=" " ind1="8">
<subfield code="a">111</subfield>
</datafield>
<datafield ind1=" " ind2=" " tag="653">
<subfield code="a">Arte</subfield>
</datafield>
<datafield tag="245" ind1="0" ind2="0">
<subfield code="a">Un'inedita lettera del nobile spagnolo Pedro de Tapia all’amico pittore Hector Crucer</subfield>
</datafield>
</record></metadata></record></GetRecord></OAI-PMH>